000
00354nam a22001217a 4500
082
_a
339.46
_b
POV 2019
100
_a
Wang Sangui
245
_a
Poverty alleviation in contemporary china
_c
Wang Sangui (ed)
260
_a
Beijing
_b
China Renmin University Press
300
_a
298p
942
_2
ddc
_c
BK
999
_c
588528
_d
588528